| 000 | 02114nam a22002537a 4500 | ||
|---|---|---|---|
| 003 | CO-CtgCURN | ||
| 005 | 20260320175051.0 | ||
| 008 | 250503b |||||||| |||| 00| 0 eng d | ||
| 020 | _a9589181627 | ||
| 040 |
_aCO-CtgCURN _bapa _ccoctgcurn |
||
| 082 |
_a614.44 _bM151s |
||
| 100 | _aMalagón-Londoño, Gustavo | ||
| 245 |
_a La salud pública : _bSituación actual, propuestas y recomendaciones / _cGustavo Malagón-Londoño, Ricardo Galán Morera. |
||
| 260 |
_a Bogotá : _bMédica Panamericana, _c2002. |
||
| 300 |
_a492 páginas, _bilustraciones, _c24 cm. |
||
| 500 | _aIncluye bibliografía. | ||
| 505 | _aResponsabilidad y cobertura de la Salud Pública. -- Evolución, Situación actual y prospectiva de la salud pública. -- Principios orientadores de la salud pública desde el derecho a la salud. -- Salud ambiental. -- Contaminación del suelo y Salud. -- Geopolítica, Salud publica y medicina social. -- Magia, religión e higiene en la historia Latinoamericana. -- Zoonosis y enfermedades transmisibles comunes al hombre y a los animales. -- Las sustancias peligrosas. -- Alimentos del nuevo milenio. -- Factores de riesgo y protección del consumo en salud pública. -- Medicamentos y la salud pública del futuro. -- La transición epidemiológica. -- Equidad en salud y corrientes de reforma en servicios de atención a la enfermedad y en salud pública. -- Participación comunitaria en el plan local de salud. -- Formulación del plan local: Prevención, control y eliminación de problemas de salud. -- Sistema de información en salud. -- Desastres y su impacto en salud publica. -- Avances científicos y tecnológicos inmunológica y vacunas. -- Educación continua de los trabajadores de la salud. -- Bioética y salud publica Intervenciones en salud publica. -- Intervenciones en salud publica. | ||
| 590 | _aSalud Publica (Odontología) | ||
| 650 | _aSalud pública. | ||
| 650 |
_aSalud pública _xSistemas de información. |
||
| 650 |
_aSalud pública _vBioética. |
||
| 700 |
_a Galán Morera, Ricardo _eautor |
||
| 942 |
_2ddc _cBK _h614.44 _iM151s _n0 |
||
| 999 |
_c48028 _d48028 |
||